000 01631nam0a2200337 4500
001 RU\NLR\BIBL_A\012037849
005 20200120155633.0
010 _a978-5-907189-18-8
_91000
035 _a(NLR Aleph) 012037849
090 _a11584503
_c11584503
100 _a20190617d2019 k y0rusy50 ca
101 0 _arus
102 _aRU
105 _ay|||z|||000zy
200 1 _aЛегитимность права
_dLegitimacy of law
_e[коллективная монография
_fАмплеева Е.Е., к.ю.н., доц., Бочкарев С.В., к.ю.н., доц., Ветютнев Ю.Ю., к.ю.н., доц. и др.]
_gпод общей редакцией Е.Н. Тонкова, И.Л. Честнова
_zeng
210 _aСанкт-Петербург
_cАлетейя
_cФонд "Тюрьма"
_d2019
215 _a495 c.
_d22
225 1 _aТолкование источников права
_fидея и редактирование сер.: Е.Н. Тонков
320 _aБиблиогр.: с. 471-493 и в подстроч. примеч.
333 _a16+
510 1 _aLegitimacy of law
_zeng
606 1 _aЛегитимность правовая
_2nlr_sh2
_3RU\NLR\AUTH\6601554775
686 1 _aХ01
701 1 _aАмплеева
_bЕ. Е.
_gЕлена Евгеньевна
701 1 _aБочкарёв
_bС. В.
_f1969-
_gСергей Вадимович
_3RU\NLR\AUTH\770188441
701 1 _aВетютнев
_bЮ. Ю.
_f1980-
_gЮрий Юрьевич
942 _cBOOK
980 _aNBR
980 _aNB